A cultural history of Spanish America: from Conquest to Independence

Na minha lista:
Detalhes bibliográficos
Autor principal: Picón-Salas, Mariano (Author)
Formato: Livro
Idioma:inglês
Publicado em: Berkeley University of California Press 1965
Assuntos:
Tags: Adicionar Tag
Sem tags, seja o primeiro a adicionar uma tag!

MARC

LEADER 00000cam a2200000 a 4500
001 UCF8541
003 CL-VaPUC
008 130906e19650000us |||||||||||||||||eng|d
082 0 4 |a 980  |b PIC  |2 21 
100 0 |a Picón-Salas, Mariano  |e author  |9 514483 
245 1 2 |a A cultural history of Spanish America: from Conquest to Independence 
300 |a 192 p 
942 |c BK 
945 |d 20130906 13:01:00  |a dcastane 
260 |a Berkeley  |b University of California Press  |c 1965 
650 7 |a CIVILIZACIONES AMERICANAS  |2 CL-VaPUC  |9 570639 
650 0 |a Historia de América  |9 266076 
583 |a last modification  |c 20130906 13:01:00  |k Rodrigo Vera 
999 |c 353110  |d 353108 
952 |0 0  |1 0  |3 erb  |4 0  |6 980_000000000000000_PIC_1965  |7 0  |8 A  |9 458036  |a BIBHIS  |b BIBHIS  |d 2019-11-23  |i 5002249  |o 980 PIC 1965  |p 5002249  |r 2025-01-20  |w 2019-11-23  |y BK  |z Catalogado en:20130906  |k HIS